Teorías del aprendizaje (Registro nro. 79930)

Detalles MARC
000 -ENCABEZADO
Número de control [NR] 00754nam a2200205Ia 4500
005 - FECHA Y HORA DE LA ÚLTIMA TRANSACCIÓN
control field 20250520075336.0
008 - DE LONGITUD FIJA DE DATOS DE ELEMENTOS - INFORMACIÓN GENERAL
Elementos de longitud fija [NR] 130821s1989 mx gr spa
040 ## - FUENTE DE CATALOGACION [NR]
Agencia de catalogación original [NR] Co-BoUCM
Idioma de catalogación [NR] spa
Quien Cataloga David Moreno (modificó)
Quien Clasifica David Moreno (modificó)
041 00 - CODIGO DE IDIOMA [R]
Código de idioma para texto/pista de sonido o título separado [R] Español
100 ## - ASIENTO PRINCIPAL--NOMBRE PERSONAL [NR]
Nombre personal [NR] Bower, Gordon H.
ID Autoridad 170320
245 00 - MENCION DE TITULO [NR]
Título [NR] Teorías del aprendizaje
Mención de responsabilidad, etc. [NR] Gordon H. Bower ; Ernest R. Hilgard ; Traducción José Manuel Salazar Palacios
250 ## - MENCION DE EDICION [NR]
Mención de edición [NR] 2a.Ed
260 ## - PUBLICACION, DISTRIBUCION, ETC. (PIE DE IMPRENTA) [R]
Lugar de publicación, distribución, etc. [R] México D.F. (México)
Nombre del editor, distribuidor, etc. [R] Trillas
Fecha de publicación, distribución, etc. [R] 1989
300 ## - DESCRIPCION FISICA [R]
Extensión [R] 790 Páginas
500 ## - NOTA GENERAL [R]
Nota general [NR] Título original : Theories of learning
650 04 - ASIENTO SECUNDARIO DE MATERIA - TERMINO TEMATICO [R]
Término temático o nombre geográfico como elemento de entrada [NR] Teoría de la educación
9 (RLIN) 25273
650 04 - ASIENTO SECUNDARIO DE MATERIA - TERMINO TEMATICO [R]
Término temático o nombre geográfico como elemento de entrada [NR] Métodos de estudio
9 (RLIN) 19450
942 ## - ELEMENTOS DE ENTRADA AGREGADOS (KOHA)
Tipo de ítem principal el descrito en 300a Libro
Tema principal Educación
Edición 2
Parte restante de la signatura top. B69T
Sistema de clasificación DEWEY
Clasificación 370.1
Título oculto en OPAC No
Existencias
Fecha de último préstamo Total préstamos Total Renewals Signatura topográfica Código de barras Última vez visto Volúmen / Fascículo Ejemplar Price effective from Tipo de ítem Perdido Sistema de clasificación Dañado No prestable Tipo de ítem específico Suprimido Ubicación habitual Ubicación actual Localización Fecha de creación Forma de adquisición Costo
30/01/2025 44 4 370.1 B69T 200000446 11/12/2025 2a.Ed Ej.1 03/02/2013 Libro   NLM     Libro   Quinta de Mutis Quinta de Mutis Mezanecs 28/02/2003 Compra 0.00